000 00254nam a2200109Ia 4500
008 231212s1979 xx 000 0 und d
041 _aeng
082 _a621.8
100 _aIzyvmov N.
245 _aFundamental of Radio
260 _aMascow
_bMir Pub
_c1979
999 _c958502
_d958502